| 000 | 02231cam a22002658i 4500 | ||
|---|---|---|---|
| 001 | BK0028459737 | ||
| 003 | DLC | ||
| 005 | 20220722145117.0 | ||
| 008 | 220223s2022 nyu 000 1 eng | ||
| 020 |
_a9781250219398 _c27.99 |
||
| 020 |
_a1250219396 _c27.99 |
||
| 040 | _erda | ||
| 092 |
_aadult fiction _bCenter |
||
| 100 | 1 |
_aCenter, Katherine _eauthor. _955871 |
|
| 245 | 1 | 4 |
_aThe bodyguard / _cKatherine Center. |
| 250 | _aFirst Edition: | ||
| 263 | _a2207 | ||
| 264 | 1 |
_aNew York : _bSt. Martin's Press, _c2022. |
|
| 336 | _atext | ||
| 337 | _aunmediated | ||
| 338 | _avolume | ||
| 520 | _a"New York Times bestselling author Katherine Center's The Bodyguard is unabashedly romantic, laugh-out-loud funny, and the perfect summer read. She's got his back. Hannah Brooks looks more like a kindergarten teacher than somebody who could kill you witha wine bottle opener. Or a ballpoint pen. Or a dinner napkin. But the truth is, she's an Executive Protection Agent (aka "bodyguard"), and she just got hired to protect superstar actor Jack Stapleton from his middle-aged, corgi-breeding stalker. He's gother heart. Jack Stapleton's a household name-captured by paparazzi on beaches the world over, famous for, among other things, rising out of the waves in all manner of clingy board shorts and glistening like a Roman deity. But a few years back, in the wakeof a family tragedy, he dropped from the public eye and went off the grid. They've got a secret. When Jack's mom gets sick, he comes home to the family's Texas ranch to help out. Only one catch: He doesn't want his family to know about his stalker. Or the bodyguard thing. And so Hannah-against her will and her better judgment-finds herself pretending to be Jack's girlfriend as a cover. Even though her ex, like a jerk, says no one will believe it. What could possibly go wrong??? Hannah hardly believes it,herself. But the more time she spends with Jack, the more real it all starts to seem. And there lies the heartbreak. Because it's easy for Hannah to protect Jack. But protecting her own, long-neglected heart? That's the hardest thing she's ever done"-- | ||
| 655 | 7 |
_aNovels _2lcgft |
|
| 942 |
_2ddc _cBOOK |
||
| 999 |
_c375735 _d375735 |
||